000 01273nam a22003017a 4500
001 7008
003 FISKH
005 20251027092020.0
008 250617b cb ||||| |||| 00| 0 eng d
020 _a9780462003139
040 _aFISKH
_beng
_cFISKH
_dFISKH
050 _aPZ7
082 _a813.6
100 _aArmando, Lisa
245 _aOvernight train /
_cWritten by Lisa Armando ;illustrated by Des Young
250 _aThis edition published in 2011
260 _aLondon :
_bMarshall Cavendish Education,
_c2008
300 _a16 pages :
_bcolor illustrations ;
_c19 cm
490 _aMy pals are here ! :
_3Reading stars.
505 _aG
520 _aOvernight Train is a 16‑page illustrated early reader (for primary-aged children) that recounts a child’s exciting journey aboard a night-time train. The narrative is a literary recount, sharing sensory details and emotions about traveling by train overnight—from the gentle rocking motion to the thrill of waking on arrival, blending simple storytelling with colorful illustrations
521 8 _a300
_bLexile estimate
521 8 _aG
_bRaz-Plus
650 _aTransportation
_vNight Travel
_xJourneys
700 _aYoung, Des
_eillustrator
942 _2ddc
_cBK
_n0
999 _c7008
_d7008